Normal view
MARC view
Entry Personal Name
001 - CONTROL NUMBER
- control field: 164069
003 - CONTROL NUMBER IDENTIFIER
- control field: OSt
005 - DATE AND TIME OF LATEST TRANSACTION
- control field: 20220923220252.0
008 - FIXED-LENGTH DATA ELEMENTS
- fixed length control field: 220923|| aca||aabn | a|a d
040 ## - CATALOGING SOURCE
- Original cataloging agency: OSt
- Transcribing agency: OSt
100 ## - HEADING--PERSONAL NAME
- Personal name: युग, किम्बाल; मैक, रेमंड डब्ल्यू
670 ## - SOURCE DATA FOUND
- Source citation: Work cat.: (OSt)338842: युग, किम्बाल; मैक, रेमंड डब्ल्यू, समाज शास्त्र के सिद्वान्त, 1962
